000 00805cam a22002411 4500
001 l 29000025
003 DLC
005 20260227111532.0
008 870721s1928 sz s 000 0 eng
010 _al 29000025
035 _a(OCoLC)16261287
040 _aDLC
_cLNT
_dNBuU
_dDLC
042 _apremarc
050 0 0 _aHD4813
_b.I4 ser. N, no. 13
110 2 _aInternational Labour Office.
245 1 0 _aMethods of compiling housing statistics.
260 _aGeneva,
_c1928
300 _aviii, 119 p.
_c24 cm.
490 0 _aStudies and reports. Series N, Statistics,
_vno. 13
500 _aAt head of title: International Labour Office.
500 _a"Appendix. List of official statistical reports relating to housing used in the present study" : p.[109]-119.
650 0 _aHousing
_vStatistics.
999 _c35931
_d35931